| 000 | 00612nam a22002057a 4500 | ||
|---|---|---|---|
| 005 | 20140703104234.0 | ||
| 010 | _aENG-109709 | ||
| 020 |
_a9781259062872 _c415.00 |
||
| 035 | _aEN-93242 | ||
| 037 | _bDBAD/PUB | ||
| 082 | _a588.0968 | ||
| 100 | _aSharma,O.P. | ||
| 245 |
_aBryophyta / _cby O.P. Sharma |
||
| 260 |
_aNew Delhi _bMcGraw Hill Education _c2014 |
||
| 270 |
_aP-24, Green Park Extension _bNew Delhi _e110016 |
||
| 300 |
_axix,396p. : _c24cm(pbk) _bill. |
||
| 490 | _aSeries on diversity of microbes and cryptogams | ||
| 500 | _aIncludes index | ||
| 942 |
_2ddc _cEN _mSHA _h588.0968 |
||
| 999 |
_c83508 _d83508 |
||